| Tag |
First Indicator |
Second Indicator |
Subfields |
| LEADER |
00000cgm a2200000 a 4500 |
| 001 |
in00000033078 |
| 005 |
20151007055118.0 |
| 007 |
vf bbahou |
| 008 |
870918p19801963xxu100 e vleng d |
| 035 |
|
|
|a (OCoLC)16712064
|
| 035 |
|
|
|9 AAB7290AM
|
| 040 |
|
|
|a TUL
|c TUL
|d BXM
|d TXA
|d UtOrBLW
|
| 049 |
|
|
|a TXAV [A10160388]
|
| 090 |
|
|
|a PN1997
|b .L6642 1980
|
| 245 |
0 |
0 |
|a Lord of the flies /
|c producer, Lewis Allen ; director, Peter Brook.
|
| 264 |
|
1 |
|a [Place of publication not identified] :
|b Diamond Video,
|c [1980?]
|
| 300 |
|
|
|a 1 videocassette (100 min.) :
|b sound, black and white ;
|c 1/2 in.
|
| 336 |
|
|
|a two-dimensional moving image
|b tdi
|2 rdacontent
|
| 337 |
|
|
|a video
|b v
|2 rdamedia
|
| 338 |
|
|
|a videocassette
|b vf
|2 rdacarrier
|
| 538 |
|
|
|a VHS.
|
| 511 |
1 |
|
|a James Aubrey, Tom Chapin, Hugh Edwards, Roger Elwin, Tom Gaman.
|
| 508 |
|
|
|a Director of photography, Tom Hollman ; music, Raymond Leppard.
|
| 500 |
|
|
|a Based on the novel by William Golding.
|
| 500 |
|
|
|a Videocassette release of the 1963 motion picture.
|
| 520 |
|
|
|a When a group of schoolboys are stranded on a desert island, they turn into savages. A study in greed, power, and the innate animalistic/survivalistic instincts of human nature.
|
| 500 |
|
|
|a Videorecording.
|
| 655 |
|
7 |
|a Survival
|v Feature
|v Video.
|2 migfg
|
| 655 |
|
0 |
|a Motion pictures, British.
|
| 655 |
|
7 |
|a Feature films.
|2 lcgft
|
| 700 |
1 |
|
|a Brook, Peter.
|
| 700 |
1 |
|
|a Aubrey, James.
|
| 700 |
1 |
|
|a Chapin, Tom.
|
| 700 |
1 |
|
|a Edwards, Hugh,
|d 1951-
|
| 700 |
1 |
|
|a Elwin, Roger.
|
| 700 |
1 |
|
|a Gaman, Tom.
|
| 700 |
1 |
|
|a Golding, William,
|d 1911-1993.
|t Lord of the flies.
|
| 710 |
2 |
|
|a Diamond Video (Firm)
|
| 999 |
|
|
|a MARS
|
| 999 |
f |
f |
|s 883f9ccd-94bf-3066-b90d-8bcb30a66564
|i b6649ca3-2424-3641-adcb-86c913e154d3
|t 0
|
| 952 |
f |
f |
|p ric
|a Texas A&M University
|b Rellis Campus
|c Joint Library Facility
|d Remote Storage
|t 0
|e PN1997 .L6642 1980
|h Library of Congress classification
|i video -- videocassette
|m A14810160388
|
| 998 |
f |
f |
|a PN1997 .L6642 1980
|t 0
|l Remote Storage
|